| 000 | 01464cam a2200181 4500500 | ||
|---|---|---|---|
| 005 | 20260329041104.0 | ||
| 041 | _afre | ||
| 042 | _adc | ||
| 100 | 1 | 0 |
_aBergès-Bounes, Marika _eauthor |
| 700 | 1 | 0 |
_aForget, Jean-Marie _eauthor |
| 700 | 1 | 0 |
_aCalmettes, Sandrine _eauthor |
| 700 | 1 | 0 |
_aFerron, Catherine _eauthor |
| 700 | 1 | 0 |
_aRey, Christian _eauthor |
| 245 | 0 | 0 | _aAmour et haine : Qu'en disent les enfants et les adolescents ? |
| 260 |
_bérès,
_c2025. |
||
| 520 | _aL’amour et la haine ne sont pas des notions psychanalytiques mais s’expriment pourtant largement dans la famille, le social, la terre entière. Les jeunes ne cessent de parler d’amour et de haine : ce qui témoigne du travail d’identification à l’œuvre et de ce qu’ils supposent être le fondement possible de leur identité. Leurs propos font écho aux passions d’amour et de haine du monde adulte, passions auxquelles ils se confrontent, dans lesquelles ils sont plongés et où ils ont du mal à frayer leur chemin pour se faire reconnaitre dans leur singularité. Freud parle d’« ambivalence amour-haine », alors que Jacques Lacan a créé le néologisme « hainamoration » qui traduit bien l’intrication continue de ces deux mouvements passionnels. Ce terme rend bien compte de ce qui se dit au quotidien ainsi que dans le cabinet du psychanalyste. | ||
| 856 | 4 | 1 | _uhttps://shs.cairn.info/amour-et-haine--9782749284439?lang=fr&redirect-ssocas=7080 |
| 999 |
_c1976813 _d1976813 |
||